Listening to crickets : (Record no. 1066)

MARC details
000 -LEADER
fixed length control field 01312nam a22003377a 4500
005 - DATE AND TIME OF LATEST TRANSACTION
control field 20250826143705.0
020 ## - INTERNATIONAL STANDARD BOOK NUMBER
International Standard Book Number 0876147279 :
Terms of availability $9.95
040 ## - CATALOGING SOURCE
Original cataloging agency DLC
Transcribing agency DLC
Modifying agency DLC
Language of cataloging eng
050 00 - LIBRARY OF CONGRESS CALL NUMBER
Classification number QH31.C33
Item number R36 1993
082 00 - DEWEY DECIMAL CLASSIFICATION NUMBER
Classification number 574/.092
-- B
Edition number 20
100 1# - MAIN ENTRY--PERSONAL NAME
Personal name Ransom, Candice F.,
Dates associated with a name 1952-
245 10 - TITLE STATEMENT
Title Listening to crickets :
Remainder of title a story about Rachel Carson /
Statement of responsibility, etc. by Candice F. Ransom ; illustrations by Shelly O. Haas.
260 ## - PUBLICATION, DISTRIBUTION, ETC.
Place of publication, distribution, etc. New York :
Name of publisher, distributor, etc. Scholastic,
Date of publication, distribution, etc. 1993.
300 ## - PHYSICAL DESCRIPTION
Extent 64 pages :
Other physical details illustrations ;
Dimensions 22 cm
500 ## - GENERAL NOTE
General note Spine title: Rachel Carson--listening to crickets.
505 ## - FORMATTED CONTENTS NOTE
Formatted contents note Z'<br/>
520 ## - SUMMARY, ETC.
Summary, etc. Examines the life of the marine biologist and science writer whose book "Silent Spring" changed the way we look at pesticides.
521 ## - TARGET AUDIENCE NOTE
Target audience note 930 <br/>
Source Lexile <br/>
521 ## - TARGET AUDIENCE NOTE
Target audience note Z'<br/>
Source Raz-Plus <br/>
650 #0 - SUBJECT ADDED ENTRY--TOPICAL TERM
Topical term or geographic name entry element Marine biologists
Geographic subdivision United States
General subdivision Biography
-- Juvenile literature.
650 #0 - SUBJECT ADDED ENTRY--TOPICAL TERM
Topical term or geographic name entry element Environmentalists
Geographic subdivision United States
General subdivision Biography
-- Juvenile literature.
650 #0 - SUBJECT ADDED ENTRY--TOPICAL TERM
Topical term or geographic name entry element Science writers
Geographic subdivision United States
General subdivision Biography
-- Juvenile literature.
650 #1 - SUBJECT ADDED ENTRY--TOPICAL TERM
Topical term or geographic name entry element Environmentalists.
650 #1 - SUBJECT ADDED ENTRY--TOPICAL TERM
Topical term or geographic name entry element Biologists.
650 #1 - SUBJECT ADDED ENTRY--TOPICAL TERM
Topical term or geographic name entry element Science writers.
650 #1 - SUBJECT ADDED ENTRY--TOPICAL TERM
Topical term or geographic name entry element Women
General subdivision Biography.
700 1# - ADDED ENTRY--PERSONAL NAME
Personal name Haas, Shelly O.,
Relator term illustrator.
906 ## - LOCAL DATA ELEMENT F, LDF (RLIN)
a 7
b cbc
c orignew
d 1
e ocip
f 19
g y-gencatlg
942 ## - ADDED ENTRY ELEMENTS (KOHA)
Source of classification or shelving scheme Dewey Decimal Classification
Koha item type Books
Suppress in OPAC No
999 ## -
-- 1066
-- 1066
Holdings
Withdrawn status Lost status Source of classification or shelving scheme Damaged status Not for loan Collection Home library Current library Shelving location Date acquired Total Checkouts Full call number Barcode Date last seen Price effective from Koha item type Copy number
    Dewey Decimal Classification     Non-Fiction Footprints International School Library Network Toul Kork Campus Footprints International School Library Network Toul Kork Campus A TK Campus, 4th Floor, Room B401, Non-Fiction Bookcases(7-8) 07/19/2023   RAN 574.092 QH31.C33Science FISTK04796 07/19/2023 07/19/2023 Books  
    Dewey Decimal Classification     Non-Fiction Footprints International School Library Network Toul Tom Poung Campus Footprints International School Library Network Toul Tom Poung Campus TTP Secondary Fiction Bookshelves 08/26/2025   RAN 574.092 QH31.C33Science FISSE01399 08/26/2025 08/26/2025 Books 2